La libertad moral (Record no. 154818)

MARC details
000 -LEADER
campo de control de longitud fija 00764nam a22002055i 4500
001 - NÚMERO DE CONTROL
campo de control 154818
003 - IDENTIFICADOR DE NÚMERO DE CONTROL
campo de control ES-MaACL
005 - FECHA Y HORA DE LA ÚLTIMA TRANSACCIÓN
campo de control 20250808063534.0
008 - DATOS DE LONGITUD FIJA--INFORMACIÓN GENERAL
campo de control de longitud fija 990517s1869 sp |||| | spa d
040 ## - FUENTE DE CATALOGACIÓN
Centro catalogador/agencia de origen CCPB | B
Lengua de catalogación spa
Centro/agencia transcriptor CCPB | B
100 1# - ENTRADA PRINCIPAL--NOMBRE DE PERSONA
Nombre de persona Nieto y Serrano, Matías,
Fechas asociadas al nombre 1813-1902
9 (RLIN) 130482
245 13 - MENCIÓN DEL TÍTULO
Título La libertad moral
Resto del título : (Réplica á un Libro del Sr. D. Pedro Mata) /
Mención de responsabilidad, etc. por Don Matias Nieto Serrano ; otra respuesta al mismo libro por Joaquín Quintana.
260 ## - PUBLICACIÓN, DISTRIBUCIÓN, ETC.
Lugar de publicación, distribución, etc. Madrid :
Nombre del editor, distribuidor, etc. [s.n.],
Fecha de publicación, distribución, etc. 1869 (
Fabricante Imprenta de P.G. y Orga)
300 ## - DESCRIPCIÓN FÍSICA
Extensión 88 p. ;
Dimensiones 21 cm.
510 4# - NOTA DE CITAS O REFERENCIAS BIBLIOGRÁFICAS
Nombre de la fuente Palau,
Localización dentro de la fuente t. XI, 191330
650 #7 - PUNTO DE ACCESO ADICIONAL DE MATERIA--TÉRMINO DE MATERIA
Término de materia o nombre geográfico como elemento de entrada Ética
Fuente del encabezamiento o término embne
9 (RLIN) 12577
700 11 - ENTRADA AGREGADA--NOMBRE PERSONAL
Nombre de persona Quintana, Joaquín.
9 (RLIN) 94664
852 ## - LOCALIZACIÓN
Ubicación ES-MaACL
Número de control de estantería G-15744
Nota libre -- Enc. hol.
Holdings
Estatus retirado Estado de pérdida Estado de daño No para préstamo Colección Biblioteca de origen Biblioteca actual Ubicación en estantería Fecha de adquisición Fuente de adquisición Total de préstamos Signatura topográfica completa Código de barras Visto por última vez Precio de reemplazo Tipo de ítem Koha
        Libros del s. XIX Biblioteca del Ateneo de Madrid Biblioteca del Ateneo de Madrid Sala Pecera Planta 3 17/01/2008     G-15744 1161935 23/02/2023 23/02/2023 Libro impreso antiguo